| 000 | 00844nam a22002657a 4500 | ||
|---|---|---|---|
| 005 | 20170123162307.0 | ||
| 010 | _aB-080465 | ||
| 020 | _c150.00 | ||
| 035 | _aB-080465 | ||
| 037 | _bCen Lib/Ret | ||
| 040 |
_aDPL _bUR |
||
| 082 |
_a842 _bج ا ن |
||
| 100 |
_aجان ؤسبورن _9111310 |
||
| 245 |
_aجل کے آگ ہے / _cجان ؤسبورن ; ترجمہ رفت شہمیم |
||
| 246 |
_aJal ke aag huay / _bby John Osborne; translated by Rifat Shamim |
||
| 260 |
_aممبئی _bقلم پبلیکیشنز _c2003 |
||
| 270 | _bممبئی | ||
| 300 |
_a136p. _c21cm(Hb) |
||
| 650 |
_aادب - اردو _9111311 |
||
| 650 |
_aاردو ڈرامے _9462 |
||
| 650 |
_aLitrerature -- Urdu _9111312 |
||
| 650 |
_aUrdu plays _9111313 |
||
| 700 |
_aرفت شہمیم _9460 |
||
| 942 |
_2ddc _cUR _h842 _mج ا ن |
||
| 999 |
_c106401 _d106401 |
||